[Event "EYCC 2017"]
[Site "Mamaia"]
[Date "2017.09.13"]
[Round "8"]
[White "Czarnecka, Lidia"]
[Black "Bulatova, Kamaliya"]
[Result "0-1"]
[WhiteElo "1792"]
[BlackElo "2014"]
[Annotator "NA RC"]
[PlyCount "58"]
[EventDate "2017.??.??"]
[EventType "swiss"]
[EventCountry "ROU"]
[SourceTitle "playchess.com"]
[Source "ChessBase"]
[SourceQuality "1"]

1. e4 c5 2. Nf3 d6 3. d4 cxd4 4. Nxd4 Nf6 5. Nc3 a6 6. Bg5 Nbd7 7. f4 Qc7 8. Qf3 h6 9. Bxf6 Nxf6 10. h3 e5 11. Nb3 b5 12. O-O-O Bb7 13. Nd5 Nxd5 14. exd5 Be7 15. Kb1 O-O 16. f5 Rfc8 17. Bd3 a5 18. Be4 a4 19. Nc1 b4 20. h4 a3 21. b3 Ra5 22. Rh3 Rxd5 23. Rxd5 Bxd5 24. Qe2 Bxe4 25. Qxe4 d5 26. Qe2 e4 27. c4 bxc3 28. Kc2 Qe5 29. Kd1 Qxf5 0-1

[Event "EYCC 2017"]
[Site "Mamaia"]
[Date "2017.09.13"]
[Round "8"]
[White "Ciolacu, Alessia-Mihaela"]
[Black "Eizaguerri Floris, Maria"]
[Result "0-1"]
[WhiteElo "1787"]
[BlackElo "2098"]
[Annotator "NA RC"]
[PlyCount "94"]
[EventDate "2017.??.??"]
[EventType "swiss"]
[EventCountry "ROU"]
[SourceTitle "playchess.com"]
[Source "ChessBase"]
[SourceQuality "1"]

1. d4 d5 2. c4 e6 3. Nc3 Nf6 4. Nf3 Bb4 5. Qa4+ Nc6 6. e3 O-O 7. Qc2 Ne4 8. Bd3 f5 9. a3 Bxc3+ 10. bxc3 Qe8 11. Bb2 Qg6 12. Nh4 Qg5 13. g3 Bd7 14. Ng2 Rae8 15. Nf4 Nf6 16. cxd5 Nxd5 17. c4 Nf6 18. d5 Nd8 19. h4 Qh6 20. dxe6 Nxe6 21. Nd5 Ne4 22. Bxe4 fxe4 23. Qxe4 Nc5 24. Ne7+ Kh8 25. Qd4 b6 26. Nd5 Nb3 27. Qxg7+ Qxg7 28. Bxg7+ Kxg7 29. Rb1 Nc5 30. O-O c6 31. Nf4 Re4 32. Rbc1 Ne6 33. Rfd1 Rf7 34. Ne2 Re5 35. Kg2 Ref5 36. f4 Ra5 37. Rc3 Nc5 38. Kf3 h5 39. Rd4 Re7 40. Kf2 Ne4+ 41. Rxe4 Rxe4 42. Kf3 Re8 43. Nd4 c5 44. Nb5 Bxb5 45. cxb5 Rxb5 46. g4 hxg4+ 47. Kxg4 Rb1 0-1

[Event "EYCC 2017"]
[Site "Mamaia"]
[Date "2017.09.13"]
[Round "8"]
[White "Dubovyk, Anastasiia"]
[Black "Allahverdiyeva, Ayan"]
[Result "0-1"]
[WhiteElo "1785"]
[BlackElo "2042"]
[Annotator "NA RC"]
[PlyCount "74"]
[EventDate "2017.??.??"]
[EventType "swiss"]
[EventCountry "ROU"]
[SourceTitle "playchess.com"]
[Source "ChessBase"]
[SourceQuality "1"]

1. e4 e6 2. d4 d5 3. e5 c5 4. c3 Nc6 5. Nf3 Qb6 6. a3 f6 7. b4 fxe5 8. dxe5 Nh6 9. Bf4 Nf7 10. Bd3 c4 11. Bc2 g6 12. O-O Bg7 13. Re1 O-O 14. Nbd2 a5 15. Re2 axb4 16. cxb4 Qc7 17. Qe1 b5 18. h4 Ra6 19. h5 g5 20. Bxg5 Ncxe5 21. h6 Nxf3+ 22. Nxf3 Nxh6 23. Bxh6 Bxh6 24. Re5 Rxf3 25. gxf3 Qg7+ 26. Kf1 Bd2 27. Qxd2 Qxe5 28. Re1 Qf6 29. f4 Rxa3 30. Re5 Rf3 31. Rg5+ Kh8 32. Rh5 Qxf4 33. Rxh7+ Kg8 34. Qe1 e5 35. Rh5 Bh3+ 36. Ke2 Bg4 37. Bh7+ Kg7 0-1

[Event "EYCC 2017"]
[Site "Mamaia"]
[Date "2017.09.13"]
[Round "8"]
[White "Klimkowski, Jan"]
[Black "Samadov, Read"]
[Result "0-1"]
[WhiteElo "1761"]
[BlackElo "1848"]
[Annotator "NA RC"]
[PlyCount "72"]
[EventDate "2017.??.??"]
[EventType "swiss"]
[EventCountry "ROU"]
[SourceTitle "playchess.com"]
[Source "ChessBase"]
[SourceQuality "1"]

1. e4 c5 2. Nf3 d6 3. d4 cxd4 4. Nxd4 Nf6 5. Nc3 a6 6. f3 e5 7. Nb3 Be6 8. Be3 Nbd7 9. Qd2 b5 10. g4 Nb6 11. g5 Nfd7 12. Nd5 Rc8 13. Na5 Nxd5 14. Nb7 Qc7 15. exd5 Bf5 16. Na5 Nb6 17. c4 Nxc4 18. Nxc4 bxc4 19. Rc1 Qb7 20. Rxc4 Rxc4 21. Bxc4 Be7 22. Kf2 O-O 23. Kg3 Bg6 24. h4 Bh5 25. Rf1 Qd7 26. Be2 Qb7 27. Rc1 f6 28. Rc6 fxg5 29. Bxg5 Bxg5 30. Qxg5 Qxb2 31. Rc7 e4 32. Bd1 exf3 33. Bc2 Qd4 34. Bxh7+ Kxh7 35. Qxh5+ Kg8 36. Rc1 Qf4+ 0-1

[Event "EYCC 2017"]
[Site "Mamaia"]
[Date "2017.09.13"]
[Round "8"]
[White "Tryggestad, Linnea Garberg"]
[Black "Reuter, Elisa"]
[Result "1/2-1/2"]
[WhiteElo "1597"]
[BlackElo "1910"]
[Annotator "NA RC"]
[PlyCount "127"]
[EventDate "2017.??.??"]
[EventType "swiss"]
[EventCountry "ROU"]
[SourceTitle "playchess.com"]
[Source "ChessBase"]
[SourceQuality "1"]

1. d4 Nf6 2. Bg5 Ne4 3. Bf4 d5 4. e3 c5 5. c3 Nc6 6. Bd3 g5 7. Bg3 Nxg3 8. hxg3 e5 9. Bb5 e4 10. Nd2 Be6 11. Qc2 Qc7 12. Ne2 a6 13. Bxc6+ bxc6 14. b3 Bd6 15. c4 cxd4 16. exd4 Qb7 17. c5 Be7 18. Nc3 Bd8 19. Qb2 Qb4 20. Ncxe4 dxe4 21. d5 f6 22. dxe6 Qxc5 23. Nxe4 Qb4+ 24. Nd2 Ba5 25. O-O-O Qc3+ 26. Qxc3 Bxc3 27. Ne4 Be5 28. Rd7 h6 29. Rf7 Rf8 30. Rxf8+ Kxf8 31. Rxh6 Ke7 32. Nc5 Kd6 33. Nd7 Kxe6 34. Nxe5 Kxe5 35. f4+ Kf5 36. fxg5 Kxg5 37. Rh7 a5 38. Rc7 Ra6 39. Rg7+ Kf5 40. Kc2 Rb6 41. Rh7 Kg6 42. Rh4 Rb5 43. Rc4 Rg5 44. Rc3 c5 45. Rf3 Rd5 46. Rd3 Rg5 47. Kd2 Rg4 48. Rc3 a4 49. Ke2 axb3 50. axb3 Rg5 51. Kf3 Rf5+ 52. Ke2 Rg5 53. Kf2 Kf7 54. Rc4 Rd5 55. b4 cxb4 56. Rxb4 Rd2+ 57. Kf3 Rd3+ 58. Kg4 Rd5 59. Kh4 Kg6 60. g4 Rg5 61. Rb8 Kg7 62. Rb4 Kg6 63. Rf4 Re5 64. Rf3 1/2-1/2

[Event "EYCC 2017"]
[Site "Mamaia"]
[Date "2017.09.14"]
[Round "9"]
[White "Esipenko, Andrey"]
[Black "Matviishen, Viktor"]
[Result "1-0"]
[WhiteElo "2540"]
[BlackElo "2431"]
[Annotator "TA"]
[PlyCount "95"]
[EventDate "2017.??.??"]
[EventType "swiss"]
[EventCountry "ROU"]
[SourceTitle "playchess.com"]
[Source "ChessBase"]
[SourceQuality "1"]

1. d4 Nf6 2. c4 e6 3. Nf3 b6 4. g3 Bb7 5. Bg2 g6 6. Nc3 Bg7 7. d5 exd5 8. cxd5 O-O 9. O-O Re8 10. Nd4 Na6 11. Qc2 Nb4 12. Qb3 a5 13. Rd1 Ng4 14. Ncb5 c5 15. dxc6 dxc6 16. Bf4 Qe7 17. Nc7 g5 18. Nxe8 Rxe8 19. a3 Nd5 20. Bxd5 cxd5 21. Qf3 h5 22. Be3 Nxe3 23. Qxe3 Qxe3 24. fxe3 Rxe3 25. Kf2 Re4 26. e3 Bc8 27. Rac1 Bg4 28. Rd3 f5 29. Ne2 d4 30. Rc8+ Kh7 31. Rc7 f4 32. Nxd4 fxe3+ 33. Ke1 Kg6 34. Rc6+ Kh7 35. Ne2 b5 36. Rc5 b4 37. Rxa5 Bxb2 38. axb4 Re8 39. Rxg5 Bf6 40. Rc5 Re6 41. h3 Bf3 42. Nf4 Re4 43. Rd7+ Kh6 44. Rd6 Rxb4 45. Rxf6+ Kg7 46. Rg6+ Kh7 47. Rc7+ Kh8 48. Rc1 1-0

[Event "EYCC 2017"]
[Site "Mamaia"]
[Date "2017.09.14"]
[Round "9"]
[White "Santos Ruiz, Miguel"]
[Black "Sousa, Andre Ventura"]
[Result "1-0"]
[WhiteElo "2505"]
[BlackElo "2386"]
[Annotator "TA"]
[PlyCount "59"]
[EventDate "2017.??.??"]
[EventType "swiss"]
[EventCountry "ROU"]
[SourceTitle "playchess.com"]
[Source "ChessBase"]
[SourceQuality "1"]

1. d4 d5 2. Nf3 Nf6 3. c4 e6 4. g3 Bb4+ 5. Bd2 Bd6 6. Bg2 O-O 7. O-O c6 8. Nc3 dxc4 9. Ne5 Bxe5 10. dxe5 Nd5 11. Ne4 Nd7 12. Bf4 h6 13. e3 g5 14. Qh5 gxf4 15. gxf4 Kg7 16. Kh1 Rh8 17. Nd6 Qe7 18. Bxd5 cxd5 19. Rg1+ Kf8 20. Rg3 Nf6 21. exf6 Qxf6 22. e4 dxe4 23. Qc5 b6 24. Qc6 Ke7 25. Rd1 Bd7 26. Nf5+ Qxf5 27. Rxd7+ Kf6 28. Rxf7+ Kxf7 29. Qb7+ Kf6 30. Qg7# 1-0

[Event "EYCC 2017"]
[Site "Mamaia"]
[Date "2017.09.14"]
[Round "9"]
[White "Hakobyan, Aram"]
[Black "Bronstein, Or"]
[Result "1/2-1/2"]
[WhiteElo "2472"]
[BlackElo "2308"]
[Annotator "TA"]
[PlyCount "76"]
[EventDate "2017.??.??"]
[EventType "swiss"]
[EventCountry "ROU"]
[SourceTitle "playchess.com"]
[Source "ChessBase"]
[SourceQuality "1"]

1. d4 e6 2. e4 d5 3. Nd2 c5 4. Ngf3 cxd4 5. exd5 Qxd5 6. Bc4 Qd6 7. O-O Nf6 8. Nb3 Nc6 9. Nbxd4 Nxd4 10. Nxd4 Bd7 11. Be3 Qc7 12. Qe2 a6 13. Rad1 Bd6 14. Nf5 Bxh2+ 15. Kh1 O-O 16. Nxg7 Kxg7 17. f4 e5 18. fxe5 Bxe5 19. Bb6 Qb8 20. Qd2 Kh8 21. Bd3 Ng4 22. Rf3 f5 23. Re1 Bg7 24. Rh3 Qd6 25. Rxh7+ Kxh7 26. Bxf5+ Bxf5 27. Qxd6 Rf6 28. Qc7 Rc8 29. Qxb7 Rxc2 30. Bd4 Rh6+ 31. Kg1 Rg6 32. Bxg7 Rxg7 33. Qf3 Nh6 34. Qa8 Rxb2 35. Re8 Nf7 36. Qf3 Nh6 37. Qa8 Nf7 38. Qf3 Nh6 1/2-1/2

[Event "EYCC 2017"]
[Site "Mamaia"]
[Date "2017.09.14"]
[Round "9"]
[White "Thybo, Jesper Sondergaard"]
[Black "Costachi, Mihnea"]
[Result "1-0"]
[WhiteElo "2466"]
[BlackElo "2418"]
[Annotator "TA"]
[PlyCount "89"]
[EventDate "2017.??.??"]
[EventType "swiss"]
[EventCountry "ROU"]
[SourceTitle "playchess.com"]
[Source "ChessBase"]
[SourceQuality "1"]

1. e4 e5 2. Nf3 Nc6 3. Bb5 a6 4. Ba4 Nf6 5. O-O b5 6. Bb3 Bc5 7. a4 Rb8 8. d3 d6 9. Nbd2 O-O 10. Re1 Ng4 11. Re2 Kh8 12. axb5 axb5 13. h3 f5 14. exf5 Nxf2 15. Rxf2 d5 16. Nf1 Bxf2+ 17. Kxf2 Bxf5 18. Kg1 Qd6 19. Be3 Rbe8 20. Bf2 Qd7 21. Bg3 Bg6 22. Ne3 Bh5 23. Bxd5 Nd4 24. Kh2 Nf5 25. Nxf5 Qxd5 26. Ne3 Qe6 27. Ng4 Bxg4 28. hxg4 Qh6+ 29. Kg1 Qe3+ 30. Bf2 Qf4 31. Bc5 Rf7 32. Qd2 e4 33. dxe4 h6 34. Qxf4 Rxf4 35. e5 Rxg4 36. b4 Rc4 37. Re1 Rxc2 38. e6 Kg8 39. Nd4 Rxc5 40. bxc5 b4 41. Nb5 Rc8 42. e7 Kf7 43. Nxc7 b3 44. e8=Q+ Rxe8 45. Nxe8 1-0

[Event "EYCC 2017"]
[Site "Mamaia"]
[Date "2017.09.14"]
[Round "9"]
[White "Livaic, Leon"]
[Black "Deac, Bogdan-Daniel"]
[Result "1/2-1/2"]
[WhiteElo "2461"]
[BlackElo "2559"]
[Annotator "TA"]
[PlyCount "35"]
[EventDate "2017.??.??"]
[EventType "swiss"]
[EventCountry "ROU"]
[SourceTitle "playchess.com"]
[Source "ChessBase"]
[SourceQuality "1"]

1. d4 e6 2. c4 Nf6 3. Nf3 d5 4. Nc3 dxc4 5. e4 Bb4 6. Bxc4 Nxe4 7. O-O Nxc3 8. bxc3 Be7 9. Ne5 Nc6 10. Qg4 O-O 11. Re1 Bf6 12. Ba3 Be7 13. Bc1 Bf6 14. Ba3 Be7 15. Bc1 Bf6 16. Ba3 Be7 17. Bc1 Bf6 18. Ba3 1/2-1/2

[Event "EYCC 2017"]
[Site "Mamaia"]
[Date "2017.09.14"]
[Round "9"]
[White "Fakhrutdinov, Timur"]
[Black "Beliotis, Georgios"]
[Result "1-0"]
[WhiteElo "2441"]
[BlackElo "2157"]
[Annotator "TA"]
[PlyCount "119"]
[EventDate "2017.??.??"]
[EventType "swiss"]
[EventCountry "ROU"]
[SourceTitle "playchess.com"]
[Source "ChessBase"]
[SourceQuality "1"]

1. e4 c5 2. Nf3 g6 3. d4 cxd4 4. Qxd4 Nf6 5. e5 Nc6 6. Qa4 Nd5 7. Qe4 Nb6 8. Nc3 Bg7 9. Bf4 d5 10. exd6 Bf5 11. Qe3 O-O 12. O-O-O exd6 13. Rxd6 Qc8 14. Bh6 Re8 15. Qd2 Bh8 16. Bb5 a6 17. Be2 Be6 18. Ne4 Qc7 19. Bf4 Qe7 20. Re1 Nc8 21. Rd3 Nb4 22. Rd4 Nc6 23. Bg5 Qf8 24. Ra4 Nb6 25. Ra3 Bc4 26. Bd3 Re6 27. Be3 Bxd3 28. cxd3 Nd5 29. Kb1 Nxe3 30. fxe3 Rd8 31. Nf2 Ne5 32. Nxe5 Bxe5 33. g3 Qe7 34. Rb3 Bd4 35. Nd1 b5 36. Rb4 Bc5 37. Rf4 Qd6 38. Nf2 Rde8 39. Nd1 Qe7 40. Rf3 Bd4 41. g4 Qa7 42. h4 Qe7 43. Qf2 a5 44. h5 Bg7 45. Rf1 Rf8 46. e4 Qd7 47. Nc3 Bxc3 48. bxc3 Rc6 49. hxg6 Rxg6 50. Kb2 b4 51. c4 a4 52. Qc5 a3+ 53. Kb3 Ra8 54. Kc2 b3+ 55. axb3 a2 56. Kb2 Qxg4 57. Ka1 Raa6 58. Rxf7 Rad6 59. Rf8+ Kg7 60. Qe5+ 1-0

[Event "EYCC 2017"]
[Site "Mamaia"]
[Date "2017.09.14"]
[Round "9"]
[White "Plenca, Jadranko"]
[Black "Martirosyan, Haik M"]
[Result "1-0"]
[WhiteElo "2440"]
[BlackElo "2570"]
[Annotator "TA"]
[PlyCount "141"]
[EventDate "2017.??.??"]
[EventType "swiss"]
[EventCountry "ROU"]
[SourceTitle "playchess.com"]
[Source "ChessBase"]
[SourceQuality "1"]

1. e4 d6 2. d4 Nf6 3. Nc3 e5 4. Nf3 Nbd7 5. Bc4 Be7 6. a4 O-O 7. O-O a6 8. a5 c6 9. Re1 Qc7 10. h3 exd4 11. Nxd4 Ne5 12. Bf1 Re8 13. f4 Ng6 14. Be3 Bf8 15. Qf3 c5 16. Nb3 Bd7 17. Bf2 Bc6 18. g4 h6 19. Nd2 Rad8 20. Nd5 Nxd5 21. exd5 Bb5 22. c4 Bd7 23. Ne4 f5 24. Ng3 Nh4 25. Qd1 Rxe1 26. Bxe1 Re8 27. Ra3 Qd8 28. Be2 g6 29. Bc3 Qe7 30. Qd2 Qf7 31. Ra1 Bg7 32. Bxg7 Qxg7 33. Re1 Kf8 34. Kf2 Qf6 35. Rb1 Re7 36. b4 cxb4 37. Rxb4 fxg4 38. hxg4 Bc8 39. c5 dxc5 40. Ne4 Qa1 41. d6 Rf7 42. Nxc5 Qh1 43. Qd4 Qh2+ 44. Ke1 Ng2+ 45. Kd1 Kg8 46. d7 Bxd7 47. Nxd7 Qh1+ 48. Kc2 Qe1 49. Nf6+ Kg7 50. Nd5+ Kh7 51. Qe4 Qh1 52. Kb2 Qh2 53. f5 Nh4 54. fxg6+ Nxg6 55. Rb6 Qe5+ 56. Qxe5 Nxe5 57. Kc3 Nc6 58. Bxa6 Nxa5 59. Bd3+ Kg7 60. Rg6+ Kf8 61. Rxh6 Nc6 62. g5 Ne5 63. Be4 Rf1 64. g6 Rg1 65. Rh8+ Kg7 66. Rh7+ Kf8 67. Nf4 Rg4 68. g7+ Kg8 69. Nh5 Nd7 70. Rh8+ Kf7 71. Bd5+ 1-0

[Event "EYCC 2017"]
[Site "Mamaia"]
[Date "2017.09.14"]
[Round "9"]
[White "Sargsyan, Shant"]
[Black "Erenberg, Ariel"]
[Result "0-1"]
[WhiteElo "2436"]
[BlackElo "2386"]
[Annotator "TA"]
[PlyCount "132"]
[EventDate "2017.??.??"]
[EventType "swiss"]
[EventCountry "ROU"]
[SourceTitle "playchess.com"]
[Source "ChessBase"]
[SourceQuality "1"]

1. d4 d5 2. c4 dxc4 3. Nf3 Nf6 4. e3 Bg4 5. Bxc4 e6 6. Qb3 Bxf3 7. gxf3 b6 8. Nc3 Be7 9. f4 O-O 10. Bf1 Nd5 11. Bg2 c6 12. e4 Nxc3 13. bxc3 Nd7 14. e5 Qc7 15. c4 Rab8 16. a4 c5 17. Qa3 f6 18. O-O Rbe8 19. d5 fxe5 20. dxe6 Nf6 21. f5 e4 22. Qg3 Bd6 23. Qh4 Be5 24. Ra3 Rd8 25. Rh3 Rd4 26. Bg5 h6 27. Be3 Rxc4 28. Kh1 Nh7 29. e7 Re8 30. Bxe4 Qd6 31. Bxh6 Rxe7 32. Bf4 Nf6 33. Rg1 Nxe4 34. Qh7+ Kf8 35. Qh8+ Kf7 36. Qh5+ Kg8 37. Qh8+ Kf7 38. Qh5+ g6 39. fxg6+ Kg8 40. Be3 Qf6 41. g7 Nxf2+ 42. Bxf2 Qc6+ 43. Rg2 Rxg7 44. Qh7+ Kf7 45. Qh5+ Kg8 46. Qh8+ Kf7 47. Qh5+ Ke6 48. Rf3 Rf4 49. Qh6+ Rf6 50. Qh3+ Kf7 51. Qh5+ Kg8 52. Rxg7+ Kxg7 53. Qg5+ Kf7 54. Qh5+ Ke6 55. Kg2 Qxf3+ 56. Qxf3 Rxf3 57. Kxf3 Bxh2 58. Ke4 Kd6 59. Be3 Kc6 60. Bf2 a6 61. Be3 Bd6 62. Bf2 Bf8 63. Bg1 Bg7 64. Bf2 b5 65. axb5+ axb5 66. Be1 b4 0-1

[Event "EYCC 2017"]
[Site "Mamaia"]
[Date "2017.09.14"]
[Round "9"]
[White "Ozenir, Ekin Baris"]
[Black "Milosevic, Milos"]
[Result "0-1"]
[WhiteElo "2422"]
[BlackElo "2265"]
[Annotator "TA"]
[PlyCount "58"]
[EventDate "2017.??.??"]
[EventType "swiss"]
[EventCountry "ROU"]
[SourceTitle "playchess.com"]
[Source "ChessBase"]
[SourceQuality "1"]

1. d4 c5 2. d5 Nf6 3. Nc3 g6 4. e4 d6 5. Bb5+ Bd7 6. a4 Bg7 7. Nf3 O-O 8. Nd2 Na6 9. h3 Nc7 10. Bc4 a6 11. Qe2 e6 12. dxe6 Nxe6 13. O-O Nd4 14. Qd3 Bc6 15. Bd5 Rc8 16. a5 Nd7 17. Nc4 Ne5 18. Nxe5 dxe5 19. Be3 Qd7 20. Rfd1 Kh8 21. Bxc6 Rxc6 22. Qc4 f5 23. f3 Qe7 24. Nd5 Qh4 25. Rf1 fxe4 26. fxe4 Qxe4 27. Kh1 Rd8 28. Ne7 Qxe3 29. Nxc6 bxc6 0-1

[Event "EYCC 2017"]
[Site "Mamaia"]
[Date "2017.09.14"]
[Round "9"]
[White "Janik, Igor"]
[Black "Kouskoutis, Georgios-Alexandros"]
[Result "1-0"]
[WhiteElo "2418"]
[BlackElo "2314"]
[Annotator "TA"]
[PlyCount "122"]
[EventDate "2017.??.??"]
[EventType "swiss"]
[EventCountry "ROU"]
[SourceTitle "playchess.com"]
[Source "ChessBase"]
[SourceQuality "1"]

1. e4 c5 2. Nf3 g6 3. d4 cxd4 4. Nxd4 Bg7 5. c4 Nc6 6. Be3 Nf6 7. Nc3 O-O 8. f3 d6 9. Qd2 Nxd4 10. Bxd4 Be6 11. Rc1 Rc8 12. b3 Qa5 13. Be3 Nd7 14. Be2 f5 15. exf5 gxf5 16. Nb5 Qxd2+ 17. Kxd2 f4 18. Bxa7 b6 19. Bd3 Bf5 20. Rhe1 Be5 21. b4 Bxd3 22. Kxd3 Rf5 23. a4 Bf6 24. a5 bxa5 25. bxa5 Ne5+ 26. Ke4 Rg5 27. Bd4 Nxc4 28. Bxf6 exf6 29. Nd4 Rxa5 30. Kxf4 Ra4 31. Kg3 Rc5 32. h4 Ne5 33. Nf5 Rxc1 34. Rxc1 Nc4 35. Rb1 Ra5 36. Rb8+ Kf7 37. Rb7+ Ke6 38. Nd4+ Kd5 39. Ne2 h6 40. Rh7 Ne3 41. Kh3 Ra1 42. Ng3 f5 43. Ne2 Kc4 44. Nf4 d5 45. Rxh6 d4 46. Rc6+ Kb5 47. Rd6 Kc5 48. Rd8 Kc4 49. h5 Rh1+ 50. Kg3 Nf1+ 51. Kf2 Ne3 52. Rc8+ Kb4 53. Rc6 Nc4 54. h6 Ne5 55. Rd6 Kc4 56. Nh3 Ra1 57. Rd8 Ra7 58. Ng5 d3 59. h7 Ng6 60. Rc8+ Kb3 61. Ke3 Rd7 1-0

[Event "EYCC 2017"]
[Site "Mamaia"]
[Date "2017.09.14"]
[Round "9"]
[White "Gaifullin, Artur"]
[Black "Van Foreest, Lucas"]
[Result "1/2-1/2"]
[WhiteElo "2413"]
[BlackElo "2485"]
[Annotator "TA"]
[PlyCount "159"]
[EventDate "2017.??.??"]
[EventType "swiss"]
[EventCountry "ROU"]
[SourceTitle "playchess.com"]
[Source "ChessBase"]
[SourceQuality "1"]

1. Nf3 Nf6 2. c4 e6 3. Nc3 d5 4. cxd5 exd5 5. d4 c6 6. Qc2 Bd6 7. Bg5 Be6 8. e3 Nbd7 9. Bd3 Qc7 10. Rc1 a6 11. Bh4 h6 12. Bg3 Bxg3 13. hxg3 Bg4 14. Rh4 Qd6 15. Bf5 Bxf5 16. Qxf5 g6 17. Qf4 Qb4 18. Rc2 g5 19. Nxg5 hxg5 20. Rxh8+ Ke7 21. Qxf6+ Nxf6 22. Rxa8 Ne4 23. Rb8 Nxc3 24. bxc3 Qb1+ 25. Kd2 f5 26. a4 a5 27. Ra8 b6 28. Rb8 b5 29. Rb7+ Kd6 30. axb5 cxb5 31. Rc1 Qb2+ 32. Rc2 Qb3 33. Rb6+ Ke7 34. Rh6 a4 35. Rh1 Kd7 36. Ra1 Kc6 37. Kc1 Qc4 38. Kd2 Qb3 39. Kc1 Qc4 40. Kd2 Qb3 41. f3 Kb6 42. Re1 Ka5 43. Rec1 Kb6 44. Ke2 Ka5 45. Ke1 Ka6 46. Kf2 a3 47. Rd2 Ka5 48. Ke2 Ka4 49. Kf2 Qc4 50. Rdc2 Kb3 51. Re2 Qd3 52. g4 fxg4 53. fxg4 Qe4 54. Ra1 Qxg4 55. Rea2 Kxc3 56. Rxa3+ Kb4 57. R3a2 Qf5+ 58. Kg1 Kc4 59. Rb2 g4 60. Rc1+ Kd3 61. Rb3+ Kd2 62. Rf1 Qh7 63. Rf2+ Kc1 64. g3 Qc7 65. Rg2 Qe7 66. Rc3+ Kd1 67. Rd3+ Kc1 68. Rc3+ Kd1 69. Rb3 Kc1 70. Rbb2 Qxe3+ 71. Rbf2 b4 72. Kh1 Qh6+ 73. Rh2 Qxh2+ 74. Kxh2 b3 75. Kg2 b2 76. Rf1+ Kc2 77. Kf2 b1=R 78. Rxb1 Kxb1 79. Ke3 Kc2 80. Kf4 1/2-1/2

[Event "EYCC 2017"]
[Site "Mamaia"]
[Date "2017.09.14"]
[Round "9"]
[White "Kharitonov, Egor"]
[Black "Tsvetkov, Andrey"]
[Result "0-1"]
[WhiteElo "2387"]
[BlackElo "2219"]
[Annotator "TA"]
[PlyCount "111"]
[EventDate "2017.??.??"]
[EventType "swiss"]
[EventCountry "ROU"]
[SourceTitle "playchess.com"]
[Source "ChessBase"]
[SourceQuality "1"]

1. d4 d5 2. c4 c6 3. Nf3 Nf6 4. Qc2 g6 5. Nc3 Bg7 6. Bf4 dxc4 7. e4 b5 8. a4 b4 9. Nb1 b3 10. Qxc4 Ba6 11. Qxb3 Bxf1 12. Kxf1 Nxe4 13. Nc3 Nxc3 14. bxc3 Nd7 15. Re1 O-O 16. g3 c5 17. Bg5 Nf6 18. dxc5 Qc7 19. Qc4 e6 20. Bf4 Qc6 21. Kg2 Rfc8 22. Be3 Nd5 23. Bd4 Nb6 24. Qb5 Nxa4 25. Qxc6 Rxc6 26. Ne5 Bxe5 27. Rxe5 f6 28. Re4 e5 29. Be3 Nxc3 30. Rb4 Nd5 31. Rb7 Rac8 32. Rxa7 Nxe3+ 33. fxe3 Rxc5 34. Rd1 R5c7 35. Ra6 Rc6 36. Ra7 R8c7 37. Rd8+ Kg7 38. Rd7+ Rxd7 39. Rxd7+ Kg8 40. Kf3 Rc8 41. h4 h5 42. Ra7 Rf8 43. g4 hxg4+ 44. Kxg4 Rc8 45. Ra4 Rc3 46. h5 Rxe3 47. hxg6 Kg7 48. Kh5 Rh3+ 49. Kg4 Rh1 50. Kf5 Rf1+ 51. Ke6 Rf4 52. Ra1 Kxg6 53. Rg1+ Kh5 54. Rg8 e4 55. Kd5 f5 56. Kd4 0-1

[Event "EYCC 2017"]
[Site "Mamaia"]
[Date "2017.09.14"]
[Round "9"]
[White "Shubin, Kirill"]
[Black "Avalyan, Artur"]
[Result "*"]
[WhiteElo "2375"]
[BlackElo "2277"]
[Annotator "TA"]
[PlyCount "35"]
[EventDate "2017.??.??"]
[EventType "swiss"]
[EventCountry "ROU"]
[SourceTitle "playchess.com"]
[Source "ChessBase"]
[SourceQuality "1"]

1. e4 e6 2. d4 d5 3. Nc3 Bb4 4. e5 c5 5. a3 Bxc3+ 6. bxc3 Qc7 7. Qg4 f6 8. Ne2 c4 9. Bf4 Qf7 10. h4 h5 11. Qg3 Nc6 12. Ng1 Nge7 13. Nf3 Bd7 14. Be2 O-O-O 15. a4 Rdg8 16. Qh2 Nf5 17. Rb1 Be8 18. Rb2 *

[Event "EYCC 2017"]
[Site "Mamaia"]
[Date "2017.09.14"]
[Round "9"]
[White "Garcia Martin, Marta"]
[Black "Dwilewicz, Katarzyna"]
[Result "0-1"]
[WhiteElo "2360"]
[BlackElo "1884"]
[Annotator "TA"]
[PlyCount "84"]
[EventDate "2017.??.??"]
[EventType "swiss"]
[EventCountry "ROU"]
[SourceTitle "playchess.com"]
[Source "ChessBase"]
[SourceQuality "1"]

1. e4 e5 2. Nf3 Nc6 3. d4 exd4 4. Nxd4 Nf6 5. Nxc6 bxc6 6. e5 Qe7 7. Qe2 Nd5 8. c4 Nb6 9. Nc3 Bb7 10. f4 Qe6 11. Qe4 O-O-O 12. Bd3 Bc5 13. f5 Qe7 14. Bf4 Rhe8 15. O-O-O Bb4 16. Qd4 Bc5 17. Qe4 Bb4 18. Nb1 Kb8 19. a3 c5 20. Qe2 Ba5 21. Nd2 Bxd2+ 22. Qxd2 f6 23. exf6 gxf6 24. Rhe1 Qf7 25. b3 d5 26. Bf1 d4 27. Qa5 Qf8 28. Rxe8 Rxe8 29. b4 Re4 30. g3 cxb4 31. axb4 Qe8 32. Qc5 Rxf4 33. gxf4 Qe3+ 34. Rd2 Qc3+ 35. Kd1 Bf3+ 36. Be2 Qa1+ 37. Kc2 Qc3+ 38. Kd1 Qa1+ 39. Kc2 Be4+ 40. Bd3 Qc3+ 41. Kd1 Bxd3 42. Qa5 Be4 0-1

[Event "EYCC 2017"]
[Site "Mamaia"]
[Date "2017.09.14"]
[Round "9"]
[White "Suleymanli, Aydin"]
[Black "Antonica, Dragos-Andrei"]
[Result "1/2-1/2"]
[WhiteElo "2351"]
[BlackElo "2188"]
[Annotator "TA"]
[PlyCount "25"]
[EventDate "2017.??.??"]
[EventType "swiss"]
[EventCountry "ROU"]
[SourceTitle "playchess.com"]
[Source "ChessBase"]
[SourceQuality "1"]

1. d4 Nf6 2. c4 e6 3. Nc3 Bb4 4. a3 Bxc3+ 5. bxc3 b6 6. f3 d5 7. cxd5 exd5 8. e3 O-O 9. Bd3 Re8 10. Ne2 Bb7 11. O-O c5 12. Bd2 Nc6 13. Rb1 1/2-1/2

[Event "EYCC 2017"]
[Site "Mamaia"]
[Date "2017.09.14"]
[Round "9"]
[White "Bjerre, Jonas Buhl"]
[Black "De Boer, Eelke"]
[Result "1-0"]
[WhiteElo "2348"]
[BlackElo "2233"]
[Annotator "TA"]
[PlyCount "53"]
[EventDate "2017.??.??"]
[EventType "swiss"]
[EventCountry "ROU"]
[SourceTitle "playchess.com"]
[Source "ChessBase"]
[SourceQuality "1"]

1. e4 e6 2. d4 d5 3. Nd2 c5 4. exd5 Qxd5 5. Ngf3 cxd4 6. Bc4 Qd8 7. O-O Nc6 8. Nb3 a6 9. Nbxd4 Nxd4 10. Nxd4 Qc7 11. Qe2 Bd6 12. h3 Ne7 13. c3 O-O 14. Re1 b6 15. Bg5 Kh8 16. Rad1 e5 17. Bxe7 Qxe7 18. Bd5 Bd7 19. Bxa8 Rxa8 20. Qf3 Qe8 21. Nf5 Bc6 22. Qg3 Bf8 23. Qxe5 Qc8 24. Ne7 Qb7 25. Nxc6 Qxc6 26. Qd5 Qc8 27. Qxf7 1-0

[Event "EYCC 2017"]
[Site "Mamaia"]
[Date "2017.09.14"]
[Round "9"]
[White "Gavrilescu, David"]
[Black "Voloshchuk, Iliya"]
[Result "1/2-1/2"]
[WhiteElo "2346"]
[BlackElo "2156"]
[Annotator "TA"]
[PlyCount "82"]
[EventDate "2017.??.??"]
[EventType "swiss"]
[EventCountry "ROU"]
[SourceTitle "playchess.com"]
[Source "ChessBase"]
[SourceQuality "1"]

1. e4 d6 2. d4 Nf6 3. Bd3 e5 4. c3 g6 5. Nf3 Nbd7 6. O-O Bg7 7. Re1 O-O 8. Na3 c6 9. dxe5 Nxe5 10. Nxe5 dxe5 11. Nc4 Qc7 12. a4 Be6 13. Qc2 Rfd8 14. a5 Ne8 15. Bg5 f6 16. Be3 Qf7 17. Nd2 Bf8 18. b4 Bd6 19. Rab1 Bc7 20. Bf1 b5 21. axb6 axb6 22. Ra1 Nd6 23. c4 Nb7 24. Nb3 Rdb8 25. Rec1 Bd6 26. Qd2 Qf8 27. Rxa8 Rxa8 28. Bxb6 Bxb4 29. Qd1 c5 30. Ra1 Qe8 31. Be2 Rxa1 32. Qxa1 Qb8 33. Qa6 Kg7 34. h4 Bd7 35. g3 Qc8 36. Qa7 Qc6 37. Bf3 Kh6 38. Qb8 Qc8 39. Qa7 Qc6 40. Qb8 Qc8 41. Qa7 Qc6 1/2-1/2